header

Working memory, thought, and action (Record no. 131478)

MARC details
000 -LEADER
fixed length control field 01643nam a22004094a 4500
082 04 - DEWEY DECIMAL CLASSIFICATION NUMBER
Classification number 153.1/3
100 1# - MAIN ENTRY--AUTHOR NAME
Personal name Baddeley, Alan D.,
245 10 - TITLE STATEMENT
Title Working memory, thought, and action
260 ## - PUBLICATION, DISTRIBUTION, ETC. (IMPRINT)
Place of publication Oxford ;
-- New York :
Name of publisher Oxford University Press,
Year of publication 2007.
300 ## - PHYSICAL DESCRIPTION
Number of Pages xviii, 412 p., [2] p. of plates :
Other physical details ill. (some col.).
490 1# - SERIES STATEMENT
Series statement Oxford psychology series ;
500 ## - GENERAL NOTE
General note Sequel to: Working memory / Alan Baddeley. 1986.
650 #0 - SUBJECT ADDED ENTRY--TOPICAL TERM
Topical Term Short-term memory.
700 1# - ADDED ENTRY--PERSONAL NAME
Personal name Baddeley, Alan D.,
856 40 - ELECTRONIC LOCATION AND ACCESS
Uniform Resource Identifier http://site.ebrary.com/lib/rucke/Doc?id=10220120

No items available.

© 2026 Rongo University
Contact us: librarian | system librarian | Rongo university